San Antonio Spurs Championship Teams - Statistics

General Stats
  • This quiz has been taken 74 times
    32 since last reset
  • The average score is 32 of 63
Answer Stats
Year No Pos Player % Correct
2003 9 PG Tony Parker
100%
2005 9 PG Tony Parker
100%
2007 9 PG Tony Parker
100%
2014 9 PG Tony Parker
100%
1999 50 C David Robinson
96%
2003 50 C David Robinson
96%
2005 3 SF Glenn Robinson
96%
2003 20 SG Manu Ginóbili
96%
2005 20 SG Manu Ginóbili
96%
2007 20 SG Manu Ginóbili
96%
2014 20 SG Manu Ginóbili
96%
1999 21 PF Tim Duncan
96%
2003 21 PF Tim Duncan
96%
2005 21 PF Tim Duncan
96%
2007 21 PF Tim Duncan
96%
2014 21 PF Tim Duncan
96%
1999 6 PG Avery Johnson
89%
2014 2 SF Kawhi Leonard
89%
2003 12 SF Bruce Bowen
68%
2005 12 SF Bruce Bowen
68%
2007 12 SF Bruce Bowen
68%
2005 5 PF Robert Horry
64%
2007 5 PF Robert Horry
64%
1999 32 SF Sean Elliott
64%
1999 2 SG Jaren Jackson
61%
2003 3 SG Stephen Jackson
61%
2014 4 SG Danny Green
57%
2007 4 SF Michael Finley
57%
2014 33 PF Boris Diaw
54%
2014 22 C Tiago Splitter
54%
2007 7 C Fabricio Oberto
50%
1999 17 SG Mario Elie
50%
2005 2 C Nazr Mohammed
50%
1999 4 PG Steve Kerr
43%
2003 4 PG Steve Kerr
43%
2014 8 PG Patty Mills
39%
2014 3 SG Marco Belinelli
32%
2003 8 SG Steve Smith
32%
2005 17 SG Brent Barry
29%
2007 17 SG Brent Barry
29%
2007 15 PF Matt Bonner
29%
2014 15 PF Matt Bonner
29%
2014 16 C Aron Baynes
25%
2005 8 C Rasho Nesterović
25%
1999 41 C Will Perdue
25%
2005 14 PG Beno Udrih
18%
2007 14 PG Beno Udrih
18%
2014 5 PG Cory Joseph
18%
1999 31 PF Malik Rose
18%
2003 31 PF Malik Rose
18%
2005 31 PF Malik Rose
18%
2003 23 SG Devin Brown
14%
2005 23 SG Devin Brown
14%
2007 11 PG Jacque Vaughn
11%
2014 11 PF Jeff Ayres
11%
2003 42 C Kevin Willis
11%
1999 33 PG Antonio Daniels
7%
2007 16 C Francisco Elson
7%
2005 34 C Tony Massenburg
7%
2003 35 SF Danny Ferry
4%
1999 54 SF Gerard King
4%
1999 25 SF Jerome Kersey
4%
2003 10 PG Speedy Claxton
0%
No matching quizzes found
Score Distribution
Percent of People with Each Score
Percentile by Number Answered
Your Score History
You have not taken this quiz since the last reset